000 01109nab a22002417a 4500
999 _c6216
_d6216
003 OSt
005 20260126002122.0
008 190514b xxu||||| |||| 00| 0 spa d
040 _cPJ
100 _96476
_aNieve Bensabath, Catriel Josué
245 1 3 _aEl derecho de los NNA a una escucha contextualizada en los procesos de adopción /
_cCatriel Josué Nieve Bensabath.
300 _ap. 28-34
500 _aCita: TR LALEY AR/DOC/2117/2024.
505 _aSumario: I. Palabras preliminares.— II. Presentación del caso.— III. Análisis de la resolución.— IV. Conclusiones.
505 _tFallo comentado: CCiv. y Com., Necochea ~ 04/04/2024 ~ A. A. M. s/ adopción. Acciones vinculadas.
650 0 _9967
_aDERECHO DE FAMILIA
650 0 _92741
_aDERECHOS DE LAS NIÑAS, NIÑOS Y ADOLESCENTES
650 0 _9974
_aADOPCIÓN
650 0 _94378
_aDERECHO A SER OÍDO
650 0 _91057
_aJURISPRUDENCIA APLICABLE
773 0 _02844
_93222
_dBuenos Aires : AbeledoPerrot, 1989-
_tDerecho de familia. Revista Interdisciplinaria de doctrina y jurisprudencia. Octubre 2024-V.
_z18511201
942 _2udc
_cANA